000 00342nam a2200145Ia 4500
100 _aJohnson/Curtis
250 _a7
942 _cBK
654 _aProcess control
245 _aProcess control Instrumentation technology
260 _bPrentice Hall of India
_aNew Delhi
_c2003
082 _a658.5
_bJOH
300 _a694
546 _aENGLISH
999 _c23663
_d23663